Sight and Life report, presentations and abstracts from the 2nd Meeting of the Micronutrient Forum, 12-15 May 2009, Beijing, China (Registro nro. 66409)

Detalles MARC
000 -ENCABEZADO
Número de control [NR] 01000nam a2200217Ia 4500
008 - DE LONGITUD FIJA DE DATOS DE ELEMENTOS - INFORMACIÓN GENERAL
Elementos de longitud fija [NR] 130821s2009 sz gs eng
040 ## - FUENTE DE CATALOGACION [NR]
Agencia de catalogación original [NR] Co-BoUCM
Idioma de catalogación [NR] spa
041 00 - CODIGO DE IDIOMA [R]
Código de idioma para texto/pista de sonido o título separado [R] Inglés
092 ## - SIGNATURA TOPOGRAFICA LOCAL
Número de clasificación local CDM 0211
111 2# - ASIENTO PRINCIPAL--NOMBRE DE REUNION [NR]
Nombre de reunión o de jurisdicción como elemento de entrada [NR] International Meeting of the Micronutrient Forum Micronutrients, Health and Development :Evidence-Based Programs
Número de la parte/sección de una obra [R] (2
Fecha de la reunión [NR] 2009 may 12-15 May
Lugar de la reunión [NR] Beijing, China)
245 10 - MENCION DE TITULO [NR]
Título [NR] Sight and Life report, presentations and abstracts from the 2nd Meeting of the Micronutrient Forum, 12-15 May 2009, Beijing, China
Mención de responsabilidad, etc. [NR] [CD-ROM]
260 ## - PUBLICACION, DISTRIBUCION, ETC. (PIE DE IMPRENTA) [R]
Lugar de publicación, distribución, etc. [R] Basilea (Suiza)
Nombre del editor, distribuidor, etc. [R] USAID
Fecha de publicación, distribución, etc. [R] 2009
300 ## - DESCRIPCION FISICA [R]
Extensión [R] 1 CD-ROM
650 04 - ASIENTO SECUNDARIO DE MATERIA - TERMINO TEMATICO [R]
Término temático o nombre geográfico como elemento de entrada [NR] Agricultura
9 (RLIN) 8719
650 04 - ASIENTO SECUNDARIO DE MATERIA - TERMINO TEMATICO [R]
Término temático o nombre geográfico como elemento de entrada [NR] Agricultura
Subdivisión de forma [R] Congresos, conferencias, etc.
-- CD-ROM
9 (RLIN) 8719
650 04 - ASIENTO SECUNDARIO DE MATERIA - TERMINO TEMATICO [R]
Término temático o nombre geográfico como elemento de entrada [NR] Micronutrientes
Subdivisión de forma [R] Congresos, conferencias, etc.
-- CD-ROM
9 (RLIN) 19494
650 04 - ASIENTO SECUNDARIO DE MATERIA - TERMINO TEMATICO [R]
Término temático o nombre geográfico como elemento de entrada [NR] Nutrición
9 (RLIN) 20616
650 04 - ASIENTO SECUNDARIO DE MATERIA - TERMINO TEMATICO [R]
Término temático o nombre geográfico como elemento de entrada [NR] Nutrición
Subdivisión de forma [R] Congresos, conferencias, etc.
-- CD-ROM
9 (RLIN) 20616
650 04 - ASIENTO SECUNDARIO DE MATERIA - TERMINO TEMATICO [R]
Término temático o nombre geográfico como elemento de entrada [NR] Programas de nutrición
Subdivisión de forma [R] Congresos, conferencias, etc.
-- CD-ROM
9 (RLIN) 22523
942 ## - ELEMENTOS DE ENTRADA AGREGADOS (KOHA)
Tipo de ítem principal el descrito en 300a Multimedia
Sistema de clasificación LOCAL
Tema principal Ciencias de la salud
Edición 1
Existencias
Fecha de último préstamo Signatura topográfica Código de barras Última vez visto Ejemplar Price effective from Tipo de ítem Perdido Sistema de clasificación Dañado No prestable Tipo de ítem específico Suprimido Ubicación habitual Ubicación actual Localización Fecha de creación Forma de adquisición Costo
22/06/2010 CDM 0211 200019759 12/12/2025 Ej.1 03/02/2013 Multimedia   LOCAL     CD-Rom   Quinta de Mutis Quinta de Mutis Colección digital 28/02/2010 Donación 26000.00